000
00286nam a22001097a 4500
082
_a
813.54
_b
CHE
100
_a
Cherryh, C.J.
245
_a
The Faded Sun:
_b
Kutath /
_c
C.J. Cherryh
260
_a
New York :
_b
Nelson Doubleday,
_c
1979.
300
_a
280p. ;
_c
21 cm.
942
_2
ddc
_c
BK
999
_c
588604
_d
588604